NRJ Music Awards 2011 - Les gagnants - Statistiques

Statistiques générales
  • Ce quiz a été pris 5 fois
  • Le résultat moyen est 3 sur 14
Statistiques - réponses
Hint Réponse % Correct
Artiste masculin français M. Pokora
80%
Artiste féminine française Jenifer
60%
Artiste féminine internationale Shakira
60%
Chanson internationale Waka waka (Shakira)
40%
Révélation francophone Joyce Jonathan
20%
Concert de l'année The Black Eyed Peas
20%
Groupe/duo international The Black Eyed Peas
20%
Artiste masculin international Usher
20%
Hit de l'année Club can't handle me (Flo Rida feat David Guetta
0%
Awards d'honneur David Guetta
0%
Chanson française Juste une photo de toi (M. Pokora)
0%
Révélation internationale Justin Bieber
0%
Groupe/duo français Justin Nozuka et Zaho
0%
Clip de l'année Telephone (Lady Gaga feat Beyoncé)
0%
Aucun quiz correspondant
Distribution des résultats
% des personnes avec chaque résultat
Percentile par nombre de réponses
Votre historique - résultats
Vous n’avez pas pris ce quiz